000
00291nam a2200121Ia 4500
008
190216s9999||||xx |||||||||||||| ||und||
100
_a
Taxali R K
245
0
_a
Dbase Iii Plus
260
_b
Tata Mcgraw Hill Publishing Company Ltd
_c
1995
300
_a
470p
650
_a
Computer
942
_c
BK
999
_c
8867
_d
8867